Eurovision: Who receives more points from whom. - Statistics

General Stats
  • This quiz has been taken 154 times
  • The average score is 21 of 43
Answer Stats
Country Country from which receives more points % Correct
United Kingdom Ireland
94%
Greece Cyprus
71%
Cyprus Greece
69%
Sweden Norway
69%
Spain Portugal
69%
Norway Sweden
68%
Finland Sweden
67%
Ireland United Kingdom
67%
Netherlands Belgium
63%
Moldova Romania
63%
Lithuania Latvia
62%
Belgium Netherlands
62%
Latvia Lithuania
61%
Denmark Norway
60%
Croatia Slovenia
60%
Estonia Finland
57%
Romania Moldova
57%
Georgia Armenia
56%
Armenia Georgia
56%
Poland Germany
55%
Iceland Sweden
55%
Azerbaijan Georgia
52%
Slovenia Croatia
51%
Bosnia Croatia
50%
Albania Macedonia
50%
Ukraine Belarus
43%
Italy Spain
42%
Turkey Germany
39%
Portugal France
36%
Serbia Slovenia
36%
Germany Spain
33%
Russia Estonia
31%
France Switzerland
31%
Israel France
30%
Slovakia Poland
29%
Macedonia Croatia
27%
Bulgaria Macedonia
27%
Hungary Romania
27%
Austria United Kingdom
24%
Switzerland United Kingdom
21%
Luxembourg Portugal
15%
Montenegro Armenia
14%
Czech Republic Croatia
6%
No matching quizzes found
Score Distribution
Percent of People with Each Score
Percentile by Number Answered
Your Score History
You have not taken this quiz